| 000 | 01091nam a2200241 u 4500 | ||
|---|---|---|---|
| 001 | 000566650 | ||
| 003 | AM-YeHGA | ||
| 005 | 20250617140620.0 | ||
| 008 | 080211s1828 ||| r 000 0 arm d | ||
| 040 | _aAM-YeHGA | ||
| 245 | 0 | 0 | _aԵրախայրիք Ներսիսեան դպրոցի. |
| 260 |
_aՏփխիս : _bԱ. հ, _c1828. |
||
| 300 |
_aԳիրք ; _c23.5 սմ. |
||
| 500 | _aՇարվ. 11,1x15,2 սմ։ | ||
| 500 | _aԱստուած Զորութեանց դարձ, հայեաց յերկնից և տես . այց արա Այդւոյս այսմիկ և դարման տար սմա՝ զոր տնկեաց աջ Քո։ | ||
| 505 | 0 | 0 |
_gԳիրք 1 (1828, 94 էջ ) _gԳիրք 2 (1828, 56 էջ ) |
| 546 | _aԳրաբար | ||
| 650 | 1 | 4 |
_aՀայ գրականություն _vԺողովածու |
| 856 | 4 | 1 |
_uhttp://greenstone.flib.sci.am/gsdl/collect/armbook/books/erexayriq_nersisyan_dprocih1.pdf _yԿարդալ առցանց Գիրք 1 |
| 856 | 4 | 1 |
_uhttp://greenstone.flib.sci.am/gsdl/collect/armbook/books/erexayriq_nersisyan_dprocih2.pdf _yԳիրք 2 |
| 942 |
_2udc _cBK |
||
| 090 | _c224737 | ||
| 999 |
_c223202 _d223202 |
||